Statistics for 16 Times Table Game

Click here to take the quiz!

General Stats

  • This quiz has been taken 7,237 times
    (6,185 since last reset)
  • The average score is 14 of 16

Answer Stats

ProblemAnswer% Correct
16 x 232
95%
16 x 116
94%
16 x 348
93%
16 x 464
92%
16 x 580
91%
16 x 9144
89%
16 x 10160
89%
16 x 696
89%
16 x 7112
88%
16 x 8128
88%
16 x 11176
87%
16 x 12192
86%
16 x 13208
85%
16 x 14224
85%
16 x 15240
85%
16 x 16256
84%

Score Distribution

Percentile by Number Answered

Percent of People with Each Score

Your Score History

You have not taken this quiz since the last reset